[Event "Palma de Mallorca op"]
[Site "Palma de Mallorca"]
[Date "2021.11.23"]
[Round "2"]
[White "Juan Mas, Santiago"]
[Black "Ermachenko, Manuel"]
[Result "1/2-1/2"]
[WhiteElo "1908"]
[BlackElo "2075"]
[PlyCount "47"]
[EventDate "2021.11.22"]
[EventType "swiss"]
[EventRounds "7"]
[EventCountry "ESP"]
[SourceTitle "CBM 205 Extra"]
[Source "ChessBase"]
[SourceDate "2022.01.31"]
[SourceVersion "1"]
[SourceVersionDate "2022.01.31"]
[SourceQuality "1"]

1. e4 c5 2. Nf3 d6 3. Bb5+ Bd7 4. Bxd7+ Qxd7 5. 0-0 Nc6 6. c3 Nf6 7. Re1 e6 8. d4 d5 9. exd5 Qxd5 10. Qa4 Be7 11. c4 Qd7 12. dxc5 Bxc5 13. Nc3 h6 14. Be3 Bxe3 15. Rxe3 0-0 16. Rd1 Qc7 17. h3 Rad8 18. Red3 Rxd3 19. Rxd3 a6 20. c5 Nd7 21. b4 b6 22. Rd6 Rc8 23. Qd1 Rd8 24. Ne4 1/2-1/2

[Event "Merida World Heritage op 1st"]
[Site "Merida"]
[Date "2021.08.04"]
[Round "1"]
[White "Herrero Pena, Laura"]
[Black "Juan Mas, Santiago"]
[Result "0-1"]
[WhiteElo "1229"]
[BlackElo "1947"]
[PlyCount "54"]
[EventDate "2021.08.04"]
[EventType "swiss"]
[EventRounds "9"]
[EventCountry "ESP"]
[SourceTitle "EXT 2023"]
[Source "ChessBase"]
[SourceDate "2022.10.05"]
[SourceVersion "1"]
[SourceVersionDate "2022.10.05"]
[SourceQuality "1"]

1. d4 d5 2. Nf3 Nc6 3. e3 Bg4 4. c4 e6 5. Qb3 Bxf3 6. gxf3 Rb8 7. cxd5 exd5 8. Bb5 Nf6 9. Qa4 Qd7 10. Nc3 Be7 11. Bxc6 bxc6 12. Qxa7 0-0 13. Qa6 c5 14. Qf1 cxd4 15. exd4 Rfe8 16. Kd1 Qf5 17. b3 Qxf3+ 18. Kd2 Bb4 19. Bb2 Bxc3+ 20. Bxc3 Ne4+ 21. Ke1 Qxc3+ 22. Ke2 Ng3+ 23. Kd1 Qxa1+ 24. Kd2 Nxf1+ 25. Rxf1 Qxf1 26. Kc2 Qxf2+ 27. Kc3 Re3# 0-1

[Event "Mallorca-chT Preferente"]
[Site "Mallorca"]
[Date "2021.03.13"]
[Round "2"]
[White "Juan Mas, Santiago"]
[Black "Estremera Panos, Sergio"]
[Result "1-0"]
[WhiteElo "1923"]
[BlackElo "2306"]
[PlyCount "33"]
[EventDate "2021.03.06"]
[EventType "team-swiss"]
[EventRounds "7"]
[EventCountry "ESP"]
[SourceTitle "EXT 2023"]
[Source "ChessBase"]
[SourceDate "2022.10.05"]
[SourceVersion "1"]
[SourceVersionDate "2022.10.05"]
[SourceQuality "1"]
[WhiteTeam "Binissalem"]
[BlackTeam "Mallorca Isolani"]
[WhiteTeamCountry "ESP"]
[BlackTeamCountry "ESP"]

1. e4 e5 2. Bc4 Nf6 3. d3 c6 4. Nf3 d5 5. Bb3 Bd6 6. Nc3 d4 7. Ne2 a5 8. a3 0-0 9. 0-0 Bg4 10. Ng3 Nh5 11. h3 Nxg3 12. fxg3 Bh5 13. g4 Bg6 14. h4 h5 15. Ng5 hxg4 16. Qxg4 Nd7 17. Nxf7 1-0

[Event "Calvia Amateur op 17th"]
[Site "Calvia"]
[Date "2020.10.10"]
[Round "1"]
[White "Marin Ferragut, Pau"]
[Black "Juan Mas, Santiago"]
[Result "0-1"]
[WhiteElo "1563"]
[BlackElo "1975"]
[PlyCount "50"]
[EventDate "2020.10.10"]
[EventType "swiss"]
[EventRounds "9"]
[EventCountry "ESP"]
[SourceTitle "CBM 198 Extra"]
[Source "ChessBase"]
[SourceDate "2020.11.30"]
[SourceVersion "1"]
[SourceVersionDate "2020.11.30"]
[SourceQuality "1"]

1. e4 g6 2. d4 Bg7 3. Nf3 d6 4. Nc3 a6 5. a4 b6 6. Be3 Bb7 7. Be2 Nf6 8. d5 c6 9. Qd2 cxd5 10. exd5 Nbd7 11. Bd4 Rc8 12. g4 h6 13. Rg1 Nc5 14. Qe3 0-0 15. h4 e5 16. dxe6 Nxe6 17. g5 Nxd4 18. Nxd4 Re8 19. Qd2 Ne4 20. Nxe4 Rxe4 21. Nf5 Bxb2 22. Nxh6+ Kf8 23. Kf1 Bxa1 24. Bd3 Bc3 25. Bxe4 Bxd2 0-1

[Event "Mallorca-ch"]
[Site "Mallorca"]
[Date "2019.04.27"]
[Round "2.4"]
[White "Juan Mas, Santiago"]
[Black "Bordes Ibanez, Juan Bautista"]
[Result "0-1"]
[WhiteElo "2011"]
[BlackElo "1961"]
[PlyCount "120"]
[EventDate "2019.04.26"]
[EventType "swiss"]
[EventRounds "5"]
[EventCountry "ESP"]
[SourceTitle "EXT 2024"]
[Source "ChessBase"]
[SourceDate "2023.10.10"]
[SourceVersion "1"]
[SourceVersionDate "2023.10.10"]
[SourceQuality "1"]

1. e4 c5 2. d4 cxd4 3. c3 dxc3 4. Nxc3 Nc6 5. Nf3 Nf6 6. Bc4 e6 7. 0-0 d6 8. Qe2 Be7 9. Rd1 e5 10. h3 0-0 11. Be3 a6 12. Rac1 Bd7 13. Nd5 Nxd5 14. Bxd5 Bf6 15. Qd2 Qe7 16. Bb3 Be6 17. Bd5 Rac8 18. Bxc6 Rxc6 19. Rxc6 bxc6 20. Qxd6 Qxd6 21. Rxd6 Bxa2 22. Rxc6 Bb1 23. Rxa6 Bxe4 24. Nd2 Bd3 25. Rd6 Rd8 26. Rxd8+ Bxd8 27. g4 f5 28. gxf5 Bxf5 29. Kg2 Kf7 30. Kg3 Ke6 31. f3 Kd5 32. Kg2 g5 33. b4 Bd3 34. Bc5 h5 35. Kg3 Bc7 36. Kf2 Bf5 37. Kg2 Bd8 38. Be3 Bd3 39. Bc5 Bf6 40. Bf2 Be7 41. Be3 Bxb4 42. Bxg5 Bf5 43. Kg3 Kd4 44. Kh4 Bg6 45. Bh6 Kd3 46. Ne4 Be7+ 47. Ng5 Ke2 48. Kg3 Bb4 49. Bg7 Bc3 50. Bf8 Be1+ 51. Kg2 h4 52. Bc5 Bd2 53. Ne6 e4 54. fxe4 Bxe4+ 55. Kh2 Kf1 56. Bd6 Bd5 57. Nf4 Be4 58. Ne6 Be1 59. Ng5 Bd5 60. Nf3 Bxf3 0-1